Books for Your Whole Body Quiz Stats

Quiz Updated Aug 19, 2016

Challenge
Share
Tweet
Embed
Score 0/24 Timer 05:00
1 Play Today
% Correct
Eyes
93.2%
Stomach
92.5%
Lip
91.1%
Arms
90.8%
Back
90.3%
Heart
87.5%
Knee
85.9%
Bones
84.5%
Skin
73.2%
Shoulders
71.7%
Hand
70.8%
Legs
70.4%
% Correct
Tongue
65.7%
Elbow
56.9%
Teeth
53.7%
Ear
46.8%
Brain
45.9%
Foot
45.4%
Head
44.4%
Finger
41.5%
Mouth
33.4%
Neck
23.8%
Heel
19.9%
Hair
13.2%

You're not logged in!

Compare scores with friends on all Sporcle quizzes.
Join for Free
OR
Log In

You Might Also Like...

Show Comments

Extras

Top Quizzes Today


Score Distribution

Your Account Isn't Verified!

In order to create a playlist on Sporcle, you need to verify the email address you used during registration. Go to your Sporcle Settings to finish the process.

Report this User

Report this user for behavior that violates our Community Guidelines.

Details: